Управление повышением квалификации руководителей производственных подразделений; Исследование мотивационных аспектов повышения квалификации руководящих кадров в условиях производства: Этапный отчет о НИР за 1979 год; Тема 15

Λεπτομέρειες βιβλιογραφικής εγγραφής
Συγγραφή απο Οργανισμό/Αρχή: Томский политехнический институт (ТПИ) (595)
Άλλοι συγγραφείς: Бердник А. С. (руководитель)
Γλώσσα:Ρωσικά
Έκδοση: Томск, 1980
Θέματα:
Μορφή: Βιβλίο
KOHA link:https://koha.lib.tpu.ru/cgi-bin/koha/opac-detail.pl?biblionumber=160911

MARC

LEADER 00000nbm0a2200000 4500
001 160911
005 20231031155740.0
029 0 0 |a SU  |b 78045089  |f ТПУ 
035 |a (RuTPU)RU\TPU\book\174505 
090 |a 160911 
100 |a 20090601d1980 k y0rusy50 ca 
101 0 |a rus 
102 |a RU 
105 |a a p 001zy 
200 1 |a Управление повышением квалификации руководителей производственных подразделений  |a Исследование мотивационных аспектов повышения квалификации руководящих кадров в условиях производства  |e Этапный отчет о НИР за 1979 год  |e Тема 15  |f Томский политехнический институт (ТПИ) ; руководитель А. С. Бердник 
210 |a Томск  |d 1980 
215 |a 45 л. 
320 |a Библиогр.: с. 42-45. 
610 1 |a отчеты о НИР 
610 1 |a руководящие кадры 
610 1 |a квалификация 
610 1 |a мотивация 
610 1 |a производственные подразделения 
610 1 |a управление 
610 1 |a повышение 
675 |a 658.386(04)  |v 3 
702 1 |a Бердник  |b А. С.  |4 673 
712 0 2 |a Томский политехнический институт (ТПИ)  |c (1944-1991)  |2 stltpush  |3 (RuTPU)RU\TPU\col\1123  |4 595 
801 1 |a RU  |b 63413507  |c 20090601  |g PSBO 
801 2 |a RU  |b 63413507  |c 20170113  |g RCR 
942 |c BK